| 000 | 00396nam a2200169Ia 4500 | ||
|---|---|---|---|
| 008 | 221030s9999 xx 000 0 und d | ||
| 020 | _a8120323637 | ||
| 041 | _aEnglish | ||
| 082 |
_a105.23 _bBel |
||
| 100 | _aD. A. Bell | ||
| 245 | 0 |
_aLaboratory Manual for Electric Circuits _cby D. A. Bell |
|
| 250 | _a6th | ||
| 260 |
_bPHI _aNew Delhi _c2006 |
||
| 300 | _a169 | ||
| 650 | _aEE | ||
| 942 | _cBK | ||
| 999 |
_c499 _d499 |
||